|
|
|
|
| LEADER |
01222nam a2200253 a 4500 |
| 001 |
3489306 |
| 008 |
100318s1995 nyu b 001 0 eng d |
| 010 |
|
|
|a 94045416
|
| 020 |
|
|
|a 0471047236 (paper : acid-free paper)
|
| 040 |
|
|
|a DLC
|c DLC
|d DLC
|d DB-DhAAL
|
| 082 |
0 |
0 |
|a 640/.43
|2 20
|
| 100 |
1 |
|
|a Bravo, Ellen.
|
| 245 |
1 |
4 |
|a The job/family challenge :
|b a 9 to 5 guide /
|c Ellen Bravo.
|
| 260 |
|
|
|a New York :
|b Wiley,
|c c1995.
|
| 300 |
|
|
|a xii, 244 p. ;
|c 22 cm.
|
| 504 |
|
|
|a Includes bibliographical reference (p. 216-234) and index.
|
| 541 |
1 |
|
|e 00008049
|
| 650 |
|
0 |
|a Work and family
|z United States.
|
| 710 |
2 |
|
|a 9 to 5, National Association of Working Women (U.S.)
|
| 852 |
4 |
|
|a Ayesha Abed Library
|j General Shelf.
|
| 999 |
|
|
|c 7803
|d 7803
|
| 952 |
|
|
|0 0
|1 0
|2 ddc
|4 0
|6 640_430000000000000_BRA_1995
|7 0
|9 8665
|a BRACUL
|b BRACUL
|c GEN
|d 2010-03-18
|l 0
|o 640.43 BRA
|p 3010008049
|r 2010-03-18
|t 1
|w 2010-03-18
|y BK
|
| 952 |
|
|
|0 0
|1 0
|2 ddc
|4 0
|6 640_430000000000000_BRA
|7 0
|9 23185
|a BRACUL
|b BRACUL
|c GEN
|d 2013-08-19
|l 1
|m 3
|o 640.43 BRA
|p 3010007932
|r 2024-02-18
|s 2024-01-30
|t 2
|w 2013-08-19
|y BK
|
| 952 |
|
|
|0 0
|1 0
|2 ddc
|4 0
|6 640_430000000000000_BRA
|7 0
|9 43229
|a SCL
|b SCL
|c GEN
|d 2002-06-03
|l 1
|o 640.43 BRA
|p 3020003879
|r 2025-07-29
|s 2025-07-23
|t 3
|w 2014-07-16
|y BK
|